00313nam a2200121Ia 4500008004100000041000800041082001600049100001500065245004400080260004300124300001700167365000700184240624s9999 xx 000 0 und d aeng a006.312 SOU aSOUKUP TOM aVISUAL DATA MINING TECHNIQUES AND TOOLS c2002aNew DelhibWiley Dreamtech India axxvii, : 382 cRS